000 00871nam a22002297a 4500
999 _c675
_d675
003 AR-CdUCM
008 190225b ||||| |||| 00| 0 spa d
040 _aMUNICIPALIDAD PROVINCIAL DEL CUSCO
_cBIBLIOTECA MUNICIPAL DEL CUSCO
082 _a320.9 /
_bF28
100 _aFayt, Carlos S.
_92616
245 _aEl pensamiento político en Grecia :
_blecciones sobre historia de las ideas políticas /
260 _aArgentina :
_bBibliográfica omeba,
_c1966.
300 _a107 páginas ;
_c19.5 cm.
440 _aAmérica en letras.
_n10
_92617
500 _aDonación familia Nieto
505 _aContenido: El marco cultural -- La estructura social y económica -- Las instituciones políticas -- El sistema de valores -- Sócrates ...
650 _aPolítica
_9291
650 _aEstado
_9738
650 _aGobierno
_92618
942 _2ddc
_cLIBROS
945 _aafb
_d2019-02-25